00488nam a2200181 a 450000100060000000300090000600800410001502000150005604000280007108200180009910000220011724500230013925000060016226000350016830000110020349000680021465000240028211202CO-ViMGA141112s2004 ck r 000 u spa d a8475221076 aCO-ViMGAbspacCO-ViMGA04aN 861.6 C17c61 aCardenal, Ernesto10aEl estrecho dudoso a2 aMadrid, cvisor libros, c1994 a142 p. acolección la encima y el mar - poeisa de España y América14aPOESIA NICARAGUENSE